书目信息 |
| 题名: |
雨果散文(上)
|
|
| 作者: | 柳鸣九 编 | |
| 分册: | ||
| 出版信息: | 北京 中国广播电视出版社 |
|
| 页数: | 423页 | |
| 开本: | 32开 | |
| 丛书名: | ||
| 单 册: | ||
| 中图分类: | I565.64 | |
| 科图分类: | ||
| 主题词: | 文学 | |
| 电子资源: | ||
| ISBN: | 7-5043-2755-7 | |
| 000 | 00531nam0 2200193 45 | |
| 001 | 0008041636 | |
| 005 | 20000804164422.7 | |
| 010 | @a7-5043-2755-7@d17.15元 | |
| 100 | @a20000804d km y0chiy0120 ea | |
| 101 | 0 | @achi |
| 105 | @a z 000yy | |
| 200 | 1 | @a雨果散文(上)@AYu Guo San Wen(Shang)@f柳鸣九 编@FLiu Ming Jiu Bian |
| 210 | @a北京@c中国广播电视出版社 | |
| 215 | @a423页@d32开 | |
| 606 | 0 | @a文学 |
| 690 | @aI565.64@v3 | |
| 701 | 0 | @a柳鸣九@4编 |
| 801 | @aCN@bPftUser@c20000804 | |
| 905 | @b89320-322@dI565.64@eY.631:1@f3 | |
| 雨果散文(上)/柳鸣九 编.-北京:中国广播电视出版社 |
| 423页;32开 |
| ISBN 7-5043-2755-7:17.15元 |
| ● |
| 相关链接 |
|
|
|
正题名:雨果散文(上)
索取号:I565.64/Y.631:1
 
预约/预借
| 序号 | 登录号 | 条形码 | 馆藏地/架位号 | 状态 | 备注 |
| 1 | 89320 | 200893202 | 社科二线400B/400B社科库 18排4列6层/ [索取号:I565.64/Y.631:1] | 在馆 | |
| 2 | 89321 | 200893211 | 社科二线422/422社科库 30排4列5层/ [索取号:I565.64/Y.631:1] | 在馆 | |
| 3 | 89322 | 200893220 | 社科二线422/422社科库 30排4列5层/ [索取号:I565.64/Y.631:1] | 在馆 |